000 01282nam a2200325Ia 4500
001 ebr10171152
003 CaPaEBR
006 m u
007 cr cn|||||||||
008 051115s2006 mdu sb 001 0 eng d
010 _z 2005033203
020 _z1933146192 (alk. paper)
040 _aCaPaEBR
_cCaPaEBR
035 _a(OCoLC)614961177
050 1 4 _aBP161.3
_b.B49 2006eb
082 0 4 _a320.5/57
_222
245 0 0 _aBeyond jihad
_h[electronic resource] :
_bcritical voices from inside Islam : an edited collection /
_cmanaging editor, Kim Ezra Shienbaum, ; co-editor, Jamal Hasan.
260 _aBethesda :
_bAcademica Press,
_c2006.
300 _axxii, 296 p.
504 _aIncludes bibliographical references and index.
533 _aElectronic reproduction.
_bPalo Alto, Calif. :
_cebrary,
_d2009.
_nAvailable via World Wide Web.
_nAccess may be limited to ebrary affiliated libraries.
650 0 _aIslam
_y21st century.
650 0 _aIslam and world politics.
650 0 _aPanislamism.
655 7 _aElectronic books.
_2local
700 1 _aShienbaum, Kim Ezra.
700 1 _aHasan, Jamal.
710 2 _aebrary, Inc.
856 4 0 _uhttp://site.ebrary.com/lib/rucke/Doc?id=10171152
_zAn electronic book accessible through the World Wide Web; click to view
999 _c249935
_d249935